000 00630cab a2200205 4500
001 WB2314-22
008 090401t1987 xxu||||| |||| 00| 0 eng d
035 _a(Sirsi) u55822
041 _aeng
245 _aSurveyors to incorporate
260 _c1987
350 _a0
490 _aIndependent
_v31/3/87 p16
520 _aDebenham Tewson and Chinnocks are to follow Savills and incorporate although they have no immediate plans to seek a public flotation.
650 _aCOMMERCIAL AGENTS
650 _aINCORPORATION
690 _aMANAGEMENT-BUSINESS MANAGEMENT-PROFESSIONAL PRACTICE
942 _n0
948 _c04/03/1997
999 _c34122
_d34122